Most Guessed Subdivisions - Statistics

General Stats
  • This quiz has been taken 46 times
  • The average score is 12 of 21
Answer Stats
% Subdivision Country % Correct
78 California United States
95%
79 Texas United States
92%
86 Wa Myanmar
89%
76 New York United States
87%
77 Florida United States
84%
77 Florida Uruguay
84%
80 Haa Bhutan
76%
77 District of Columbia United States
74%
76 Washington United States
71%
78 Alaska United States
66%
73 Scotland United Kingdom
66%
72 Wales United Kingdom
66%
74 England United Kingdom
63%
80 Muş Turkey
63%
72 La Mé Ivory Coast
53%
72 Nevada United States
37%
77 Louth Ireland
18%
72 Aleppo Syria
13%
72 Isle of Man United Kingdom
11%
76 Mon Myanmar
11%
73 New Mexico United States
5%
No matching quizzes found
Score Distribution
Percent of People with Each Score
Percentile by Number Answered
Your Score History
You have not taken this quiz